000 02646cam a2200313 i 4500
008 180912t20192019njua b 001 0 eng d
020 _a0691190089
020 _a9780691190082
050 0 0 _aDS779.47
_b.Y36 2019
082 0 4 _a327.51
100 1 _aYan, Xuetong,
245 1 0 _aLeadership and the rise of great powers /
_cYan Xuetong.
260 _aNew Jersey
_bPrinceton
_c2019
300 _axvi, 260 pages :
_billustrations ;
520 _aWhile work in international relations has closely examined the decline of great powers, not much attention has been paid to the question of their rise. The upward trajectory of China is a particularly puzzling case. How has it grown increasingly important in the world arena while lagging behind the United States and its allies across certain sectors? Borrowing ideas of political determinism from ancient Chinese philosophers, Leadership and the Rise of Great Powers explains China's expanding influence by presenting a moral-realist theory that attributes the rise and fall of nations to political leadership. Yan Xuetong shows that the stronger a rising state's political leadership, the more likely it is to displace a prevailing state in the international system. Yan defines political leadership through the lens of morality, specifically the ability of a government to fulfill its domestic responsibility and maintain international strategic credibility. Examining leadership at the personal, national, and international levels, Yan shows how rising states like China transform the international order by reshaping power distribution and norms. Yan also considers the reasons for America's diminishing international stature even as its economy, education system, military, political institutions, and technology hold steady. The polarization of China and the United States will not result in another Cold War scenario, but their mutual distrust will ultimately drive the world center from Europe to East Asia. Using the lens of classical Chinese political theory, Leadership and the Rise of Great Powers offers a provocative, alternative perspective on the changing dominance of nations on the global stage. --
650 7 _aChina
_xForeign Relations
_x21st Century
650 7 _aPolitics and Goverment
_x21st Century
_xGeneral.
650 7 _aPOLITICAL SCIENCE
_xHistory & Theory.
650 7 _aDiplomatic relations.
650 7 _aPolitics and government.
650 7 _aGrossmacht
650 7 _aGrossmachtpolitik
650 7 _aPolitische Führung
650 7 _aWeltordnung
650 7 _aChina.
650 7 _aInternational relations theory.
650 7 _aHegemony.
942 _cBK
999 _c3569
_d3569